00483cam a2200181 i 4500001000800000005001700008008004100025010001700066020001500083040001800098041000800116080002000124082002000144100000700164101000800171245009000179504003200269228094720180123050649.0790516s1980 enka b 001 0 eng  a 79015271  a0521227828 aDLCcDLCdDLC aeng a338.009034 ber a338.009034 ber1 a20 apol14aThe machinery question and the making of political economy, 1815-1848 /cMaxine Berg. aBibliography: p. [343]-366.